000 01035nam a22003377a 4500
001 068
003 DO-SdBNP
005 20250826112332.0
007 068
008 151005b1992 sp a 00| 0 spa d
020 _a
040 _aBPMSU
_bspa
_cBPMSU
092 _aXXXX
_bXXXX
100 1 _aNesbit, Edith
240 1 0 _aThe treasure seekers /
_f1987
_leng
245 1 0 _aEl buscador de tesoros /
_cEdith Nesbit ; ilustraciones Francisco Meléndez ; traducción Juan M. San Miguel ; colección dirigida por Marinella Terzi
250 _a5a. ed.
260 _aMadrid :
_bEdiciones SM,
_c1992.
300 _a185 p. :
_bil. ;
_c19 cm.
490 1 _aEl barco de vapor
_aSerie Roja
_v42
500 _aA partir de 12 años
521 1 _aA partir de los 12 años
700 1 2 _aTerzi, Marinella
_edir.
700 1 2 _aMeléndez, Francisco
_eil.
700 1 2 _aSan Miguel, Juan M.
_etrad.
830 0 _aBarco de vapor
_n42
_pSerie Roja
910 _a202
942 _2ddc
_cBK
945 _aInventariado, 2018/ YL
956 _aYLOCKWARD
_b10
_cBPMSU
999 _c8482
_d8482